| 000 | 00445nam a22001577a 4500 | ||
|---|---|---|---|
| 005 | 20241130141815.0 | ||
| 008 | 241130b |||||||| |||| 00| 0 eng d | ||
| 020 | _a9788127235697 | ||
| 050 | _aQD462 SEN | ||
| 100 | _aSen, B. K. | ||
| 245 |
_aQuantum Chemistry including Spectroscopy _cB. K. Sen |
||
| 250 | _a3rd ed. | ||
| 260 |
_aLudhiana, New Delhi _bKalyani Publishers _c2008 |
||
| 300 |
_a422p. _bill. _c22.5cm |
||
| 942 |
_2lcc _cBK _e3rd ed. _n0 |
||
| 999 |
_c1867 _d1867 |
||